| 000 | 00537cam a2200181 4500500 | ||
|---|---|---|---|
| 005 | 20260405001818.0 | ||
| 041 | _afre | ||
| 042 | _adc | ||
| 100 | 1 | 0 |
_aLacroix, Sophie _eauthor |
| 245 | 0 | 0 | _aL’intelligence oui, mais de quoi ? |
| 260 | _c2014. | ||
| 500 | _a47 | ||
| 690 | _aBêtise | ||
| 690 | _aintelligence | ||
| 690 | _aQI | ||
| 786 | 0 | _nPhilosophie magazine | 82 | 9 | 2014-09-01 | p. 33-34 | 1951-1787 | |
| 856 | 4 | 1 | _uhttps://shs.cairn.info/magazine-philosophie-magazine-2014-9-page-33?lang=fr&redirect-ssocas=7080 |
| 999 |
_c2051334 _d2051335 |
||